Southville International School and Colleges
Your cart is empty.
  • Cart
  • Lists
    Public lists Eva Luna New books Lux_list list_1
    Your lists Log in to create your own lists
  • Log in to your account
  • Your cookies
  • Search history
Southville International School and Colleges
  • Advanced search
  • Recent comments
  • Most popular
  • Libraries

Log in to your account

Log in with GOOGLE


If you do not have an external account, but do have a local account, you can still log in:

  1. Home
  2. MARC view: Wilson and Gisvold's textbook of organic medicinal and pharmaceutical chemistry /
Normal view MARC view ISBD view

Wilson and Gisvold's textbook of organic medicinal and pharmaceutical chemistry / (Record no. 278745)

[ view plain ]
MARC details
000 -LEADER
fixed length control field 01441cam a22003854a 4500
001 - CONTROL NUMBER
control field STB031415
005 - DATE AND TIME OF LATEST TRANSACTION
control field 20150127142219.0
008 - FIXED-LENGTH DATA ELEMENTS--GENERAL INFORMATION
fixed length control field 091015s2011 mdua b 001 0 eng
010 ## - LIBRARY OF CONGRESS CONTROL NUMBER
LC control number 2009043714
016 7# - NATIONAL BIBLIOGRAPHIC AGENCY CONTROL NUMBER
Record control number 101517439
Source DNLM
020 ## - INTERNATIONAL STANDARD BOOK NUMBER
International Standard Book Number 9780781779296
020 ## - INTERNATIONAL STANDARD BOOK NUMBER
International Standard Book Number 0781779294
020 ## - INTERNATIONAL STANDARD BOOK NUMBER
International Standard Book Number 9781451112818
020 ## - INTERNATIONAL STANDARD BOOK NUMBER
International Standard Book Number 9781609133986
035 ## - SYSTEM CONTROL NUMBER
System control number (OCoLC)ocn458577846
040 ## - CATALOGING SOURCE
Original cataloging agency DNLM/DLC
Transcribing agency DLC
Modifying agency YDX
-- BTCTA
-- NLM
-- YDXCP
-- BWX
-- DLC
042 ## - AUTHENTICATION CODE
Authentication code pcc
050 00 - LIBRARY OF CONGRESS CALL NUMBER
Classification number RS 403
Item number .T43 2011
245 00 - TITLE STATEMENT
Title Wilson and Gisvold's textbook of organic medicinal and pharmaceutical chemistry /
Remainder of title edited by John M. Beale, Jr., John H. Block.
246 30 - VARYING FORM OF TITLE
Title proper/short title Textbook of organic medicinal and pharmaceutical chemistry.
246 30 - VARYING FORM OF TITLE
Title proper/short title Organic medicinal and pharmaceutical chemistry.
250 ## - EDITION STATEMENT
Edition statement 12th ed.
260 ## - PUBLICATION, DISTRIBUTION, ETC. (IMPRINT)
Place of publication, distribution, etc Baltimore, MD :
Name of publisher, distributor, etc Lippincott Williams & Wilkins,
Date of publication, distribution, etc c2011.
300 ## - PHYSICAL DESCRIPTION
Extent x, 1010 pages :
Other physical details illustrations ;
Dimensions 29 cm.
504 ## - BIBLIOGRAPHY, ETC. NOTE
Bibliography, etc Includes bibliographical references and index.
521 ## - TARGET AUDIENCE NOTE
Target audience note Pharmacy
650 #0 - SUBJECT ADDED ENTRY--TOPICAL TERM
Topical term or geographic name as entry element Pharmaceutical chemistry.
650 #0 - SUBJECT ADDED ENTRY--TOPICAL TERM
Topical term or geographic name as entry element Chemistry, Organic.
700 1# - ADDED ENTRY--PERSONAL NAME
Personal name Wilson, Charles Owens,
Dates associated with a name 1911-
700 1# - ADDED ENTRY--PERSONAL NAME
Personal name Beale, John Marlowe.
700 1# - ADDED ENTRY--PERSONAL NAME
Personal name Block, John H.
856 42 - ELECTRONIC LOCATION AND ACCESS
Materials specified Publisher description
Uniform Resource Identifier <a href="http://www.loc.gov/catdir/enhancements/fy1013/2009043714-d.html">http://www.loc.gov/catdir/enhancements/fy1013/2009043714-d.html</a>
856 41 - ELECTRONIC LOCATION AND ACCESS
Materials specified Table of contents only
Uniform Resource Identifier <a href="http://www.loc.gov/catdir/enhancements/fy1013/2009043714-t.html">http://www.loc.gov/catdir/enhancements/fy1013/2009043714-t.html</a>
942 ## - ADDED ENTRY ELEMENTS (KOHA)
Source of classification or shelving scheme Library of Congress Classification
Koha item type Books
Holdings
Withdrawn status Lost status Source of classification or shelving scheme Damaged status Home library Current library Shelving location Date acquired Source of acquisition Sub Shelving location Total Checkouts Full call number Barcode Date last seen Date checked out Price effective from Koha item type
    Library of Congress Classification   South SEED-LPDH College Library South SEED-LPDH College Library South SEED-LPDH College Section 01/27/2015 Library Fund   1 RS 403 .T43 2011 SSLC1394 04/20/2017 11/10/2015 01/27/2015 Books

Wilson and Gisvold's textbook of organic medicinal and pharmaceutical chemistry /

APA

Wilson C. O., Beale J. M. & Block J. H. (2011). Wilson and Gisvold's textbook of organic medicinal and pharmaceutical chemistry. Baltimore, MD: Lippincott Williams & Wilkins.

Chicago

Wilson Charles Owens, Beale John Marlowe and Block John H. 2011. Wilson and Gisvold's textbook of organic medicinal and pharmaceutical chemistry. Baltimore, MD: Lippincott Williams & Wilkins.

Harvard

Wilson C. O., Beale J. M. and Block J. H. (2011). Wilson and Gisvold's textbook of organic medicinal and pharmaceutical chemistry. Baltimore, MD: Lippincott Williams & Wilkins.

MLA

Wilson Charles Owens, Beale John Marlowe and Block John H. Wilson and Gisvold's textbook of organic medicinal and pharmaceutical chemistry. Baltimore, MD: Lippincott Williams & Wilkins. 2011.

  • Place hold
  • Print
  • Cite
  • Add to your cart (remove)
  • Save record
    BIBTEX Dublin Core MARCXML MARC (non-Unicode/MARC-8) MARC (Unicode/UTF-8) MARC (Unicode/UTF-8, Standard) MODS (XML) RIS
  • More searches
    Search for this title in:
    Other Libraries (WorldCat) Other Databases (Google Scholar) Online Stores (Bookfinder.com) Open Library (openlibrary.org)

Exporting to Dublin Core...

SOUTHVILLE LIBRARY

Southville International School and Colleges Library

1281 Tropical Ave. Cor. Luxembourg St., BF Homes International, Las Pinas City

Tel. No. 8256374 / 252358 Loc. 117/146

Powered by Koha